000 01226nam0a22002771 4500
001 rc\3542522
005 20260406184746.0
021 _aRU
_b70-40869
021 _aRU
_bРг3005-71
035 _a(NLR Aleph) 007634481
090 _a6058681
_c6058681
100 _a20130115d1970 |||y0rusy50 ca
101 0 _arus
102 _aRU
105 _ay z |||||
200 1 _aВопросы курортологии и физиотерапии на Урале
_e[Сборник статей, посвящ. 100-летию со дня рождения В.И. Ленина]
_f[Ред. коллегия: гл. ред. Н.В. Орлов] [и др.]
_gМЗ РСФСР. Свердл. науч.-исслед. ин-т курортологии и физиологии
210 _aСвердловск
_cБ. и.
_d1970
215 _a287 с.
_cграф.
_d22
320 _aБиблиогр. в конце статей
702 1 _aОрлов
_bН.В.
_gНиколай Васильевич
_4340
712 0 2 _aСвердловский НИИ курортологии и физиотерапии
_3RU\NLR\AUTH\889950186
_9396170
801 0 _aRU
_bNLR
_gpsbo
801 1 _aRU
_bELAR
_2rusmarc
852 _aNLR
_j70-5/5424
942 _cBOOK
980 _aNB